[Event "Iberoamerican-ch 8th"]
[Site "Mexico City"]
[Date "2022.02.18"]
[Round "8"]
[White "Garcia De Dios, Jose Antonio"]
[Black "Cortes Rodriguez, Marco"]
[Result "1-0"]
[WhiteElo "2145"]
[BlackElo "2001"]
[PlyCount "79"]
[EventDate "2022.02.12"]
[EventType "swiss"]
[EventRounds "9"]
[EventCountry "MEX"]
[SourceTitle "CBM 206 Extra"]
[Source "ChessBase"]
[SourceDate "2022.03.31"]
[SourceVersion "1"]
[SourceVersionDate "2022.03.31"]
[SourceQuality "1"]

1. d4 Nf6 2. c4 e6 3. Nc3 c5 4. d5 exd5 5. cxd5 d6 6. e4 Be7 7. Bd3 0-0 8. h3 Re8 9. Nf3 Bf8 10. 0-0 a6 11. a4 Nbd7 12. Re1 Rb8 13. Bf4 Qc7 14. Nd2 Ne5 15. Bf1 Ng6 16. Bh2 b6 17. f4 Nd7 18. Kh1 Bb7 19. Nc4 Ba8 20. e5 dxe5 21. fxe5 Qb7 22. e6 fxe6 23. dxe6 Nf6 24. Bxb8 Qxb8 25. Qb3 Be7 26. Rad1 Qg3 27. Re3 Qf2 28. Ne2 Nh4 29. Rg3 Ne4 30. Rg4 Rf8 31. Nxb6 Nd2 32. Qc3 Qxf1+ 33. Rxf1 Rxf1+ 34. Ng1 Bf6 35. Qxd2 Nf3 36. gxf3 Bxf3+ 37. Kh2 Be5+ 38. Rg3 h5 39. Qd8+ Kh7 40. Qd3+ 1-0

[Event "Iberoamerican-ch 8th"]
[Site "Mexico City"]
[Date "2022.02.12"]
[Round "1"]
[White "Cortes Rodriguez, Marco"]
[Black "Santos Ruiz, Miguel"]
[Result "0-1"]
[WhiteElo "2001"]
[BlackElo "2596"]
[PlyCount "55"]
[EventDate "2022.02.12"]
[EventType "swiss"]
[EventRounds "9"]
[EventCountry "MEX"]
[SourceTitle "CBM 206 Extra"]
[Source "ChessBase"]
[SourceDate "2022.03.31"]
[SourceVersion "1"]
[SourceVersionDate "2022.03.31"]
[SourceQuality "1"]

1. Nf3 e6 2. c4 d5 3. e3 Nf6 4. Be2 b6 5. b3 Bb7 6. Bb2 dxc4 7. bxc4 c5 8. d3 Nc6 9. Nbd2 Bd6 10. Qb3 0-0 11. Rg1 Ng4 12. h3 Nge5 13. 0-0-0 Qe7 14. g4 Nxf3 15. Nxf3 a6 16. g5 b5 17. Qc3 e5 18. Nd2 Nd4 19. exd4 exd4 20. Qc2 Qxe2 21. Ne4 Qxc2+ 22. Kxc2 Bxe4 23. dxe4 bxc4 24. Ba3 Rfb8 25. Rge1 Be5 26. Rb1 Rb5 27. h4 Ra5 28. Kc1 0-1

[Event "Mexican op 55th"]
[Site "Toluca"]
[Date "2009.04.08"]
[Round "1"]
[White "Cortes Rodriguez, Marco"]
[Black "Zapata, Alonso"]
[Result "1/2-1/2"]
[WhiteElo "2036"]
[BlackElo "2514"]
[PlyCount "59"]
[EventDate "2009.04.07"]
[EventType "swiss"]
[EventRounds "9"]
[EventCountry "MEX"]
[SourceTitle "CBM 129 Extra"]
[Source "ChessBase"]
[SourceDate "2009.05.05"]
[SourceVersion "2"]
[SourceVersionDate "2009.05.20"]
[SourceQuality "1"]

1. Nf3 Nf6 2. g3 g6 3. Bg2 Bg7 4. 0-0 0-0 5. d4 c5 6. d5 d6 7. c4 e6 8. Nc3 exd5 9. cxd5 Re8 10. Nd2 a6 11. a4 Nbd7 12. Nc4 Nb6 13. Na3 Bd7 14. a5 Nc8 15. Nc4 Bb5 16. Qb3 Na7 17. h3 Bxc4 18. Qxc4 Nd7 19. e4 Ne5 20. Qe2 c4 21. Be3 Nb5 22. Bb6 Qe7 23. Qc2 Nd3 24. Na4 Rac8 25. Rab1 Nd4 26. Qd1 Nb3 27. Be3 Nxa5 28. Nb6 Rc7 29. b4 Nb2 30. Rxb2 1/2-1/2